5 Best Football Clubs In Every Country - Statistics

General Stats
  • This quiz has been taken 89 times
  • The average score is 34 of 100
Answer Stats
Country Rank Answer % Correct
Spain 1 Real Madrid
94%
Spain 3 Atletico Madrid
92%
Spain 2 Barcelona
92%
France 1 PSG
92%
England 1 Manchester City
91%
England 2 Arsenal
86%
France 5 Lyon
86%
France 3 Marseille
86%
England 4 Chelsea
85%
England 3 Liverpool
85%
Uruguay 3 Liverpool
85%
Argentina 2 Boca Juniors
77%
Italy 1 Inter Milan
77%
Italy 3 AC Milan
76%
Portugal 2 Benfica
76%
Argentina 1 River Plate
76%
Portugal 3 Porto
74%
Germany 1 Bayern Munich
73%
France 2 Lille
73%
England 5 Tottenham
73%
Portugal 1 Sporting
71%
Italy 2 Juventus
70%
Italy 5 Napoli
68%
Netherlands 3 Ajax
65%
Spain 5 Athletic Bilbao
65%
Netherlands 1 PSV
59%
Netherlands 2 Feyenoord
56%
Portugal 4 Braga
48%
France 4 Nice
48%
Spain 4 Real Sociedad
48%
Germany 2 Leverkusen
47%
Belgium 1 Club Brugge
45%
Brazil 2 Flamengo
45%
Italy 4 Atalanta
44%
Belgium 2 Anderlecht
39%
Turkey 1 Galatasaray
38%
Belgium 4 Gent
35%
USA 2 Inter Miami
35%
Scotland 1 Celtic
33%
Belgium 3 Genk
33%
Saudi Arabia 2 Al Nassr
32%
Brazil 3 Botafogo
32%
Scotland 2 Rangers
32%
Germany 5 Stuttgart
30%
Saudi Arabia 1 Al Hilal
29%
Netherlands 4 AZ
29%
Turkey 2 Fenerbahce
29%
Brazil 1 Palmeiras
29%
Switzerland 2 Young Boys
27%
Brazil 4 Corinthians
26%
USA 1 LA Galaxy
26%
Switzerland 1 Basel
24%
Turkey 3 Besiktas
24%
Scotland 3 Aberdeen
20%
Colombia 5 Independiente
20%
Mexico 3 Monterrey
18%
Uruguay 2 Nacional
18%
Uruguay 1 Penarol
18%
Germany 4 BVB
17%
Saudi Arabia 3 Al Ahli
14%
Saudi Arabia 4 Al Ittihad
14%
Brazil 5 Internacional
14%
Russia 1 Zenit
14%
Colombia 1 Atletico Nacional
12%
Mexico 2 Cruz Azul
12%
USA 5 Seattle Sounders
12%
Russia 2 Spartak Moscow
12%
Mexico 5 Tigres
12%
Belgium 5 Union Saint Gilloise
12%
Turkey 4 Trabzonspor
11%
Turkey 5 Basaksehir
9%
Mexico 1 Club America
9%
Scotland 5 Motherwell
9%
Argentina 3 Racing Club
9%
Uruguay 5 Racing Club
9%
Germany 3 Red Bull Leipzig
9%
USA 4 Atlanta United
8%
Japan 1 Urawa Red Diamonds
8%
Japan 5 Yokohama
8%
Colombia 2 America De Cali
6%
Scotland 4 Heart Of Midlothian
6%
Argentina 4 Velez Sarsfield
6%
Netherlands 5 FC Twente
5%
Japan 4 Gamba Osaka
5%
Russia 4 Krasnodar
5%
Russia 5 Lokomotiv Moscow
5%
Switzerland 3 Lugano
5%
Colombia 4 Millionarios
5%
Portugal 5 Vitoria Guimaraes
5%
Uruguay 4 Defensor
3%
Russia 3 Dynamo Moscow
3%
Argentina 5 Estudientes
3%
Japan 3 Kashima Antlers
3%
Saudi Arabia 5 Al Qadsiah
2%
USA 3 Cinicinnati
2%
Mexico 4 Deportivo Toluca
2%
Colombia 3 Junior
2%
Switzerland 4 Lausanne Sport
2%
Japan 2 Sanfrecce
2%
Switzerland 5 St Gallen
2%
No matching quizzes found
Score Distribution
Percent of People with Each Score
Percentile by Number Answered
Your Score History
You have not taken this quiz